00516 2200217 4500001002100000008004100021035002000062245005200082100002000134250000600154260003000160084001400190082000800204650001400212990001200226990001200238990001200250990001200262990001200274990001200286INLIS000000000001527 ind  a0010-0125000025 aSeluk Beluk Database RelasionalcMark Whitehorn aWhitehorn, Mark a1 aJakarta :bErlanggac2001 a600 MAR s a600 aNon Fiksi a0714060 a0714061 a0714062 a0714063 a0714064 a0714065